Vida de Manuel Rodríguez: El Guerrillero

Wedi'i Gadw mewn:
Manylion Llyfryddiaeth
Prif Awdur: Latcham Cartwright, Ricardo Eduardo (Awdur)
Fformat: Llyfr
Iaith:Sbaeneg
Cyhoeddwyd: Santiago Nascimento 1932
Rhifyn:1a. ed
Pynciau:
Tagiau: Ychwanegu Tag
Dim Tagiau, Byddwch y cyntaf i dagio'r cofnod hwn!

MARC

LEADER 00000nam a2200000 a 4500
001 UCJ5228
003 CL-VaPUC
008 070124e19320000CL |||||||||||||||||spa|d
082 0 4 |a 983  |b LAT  |2 21 
100 |a Latcham Cartwright, Ricardo Eduardo   |e author  |9 320332 
245 1 0 |a Vida de Manuel Rodríguez: El Guerrillero 
250 |a 1a. ed 
300 |a 280 p 
942 |c BK 
945 |d 20070124 00:00:00  |a rinostro 
260 |a Santiago  |b Nascimento  |c 1932 
600 0 7 |a RODRIGUEZ, MANUEL  |2 CL-VaPUC  |9 309076 
650 0 |a Guerra de la independencia   |9 331979 
650 7 |a BIOGRAFIA  |2 CL-VaPUC  |9 504622 
650 0 |a Cultura  |9 269059 
650 7 |a MODAS  |2 CL-VaPUC  |9 510150 
650 7 |a TIPOS HUMANOS  |2 CL-VaPUC  |9 504574 
650 0 |a Ilustraciones  |9 369481 
650 0 |a Historia de Chile  |9 265473 
583 |a last modification  |c 20070124 00:00:00  |k Rodrigo Vera 
999 |c 321341  |d 321339 
952 |0 0  |1 0  |4 0  |6 983_000000000000000_LAT_1932  |7 0  |8 X  |9 400056  |a FDOBUD  |b FDOBUD  |d 2019-11-22  |i 1031546  |o 983 LAT 1932  |p 1031546  |r 2019-11-22  |w 2019-11-22  |y BK_X  |k BUD